000 00831nam a2200217Ia 4500
999 _c39880
_d39880
001 6485
003 GE_BSU
005 20191010123910.0
008 181216s1960||||ge |||||||||||||| ||geo||
040 _cGE_BSU
041 _ageo
080 _a821.353.1-32 ბ-45
100 _aბელიაშვილი, კაკი
_94671
245 _aსამეფოს მედროშე :
_bმოთხრობები /
_cაკაკი ბელიაშვილი ; რედ. ნ. დარჩია.
264 _aთბილისი :
_bნაკადული ;
_c1962.
300 _a230 გვ. ;
_c22 სმ.
653 _aსამეფოს მედროშე
653 _aმოთხრობები
700 _aაფხაიძე, შ.
_eრედაქტორი
_94672
942 _cBK
_2udc